000 01022nam0a22002651 4500
001 rc\376204
005 20250621055816.0
035 _a(NLR Aleph) 005608093
090 _a6383985
_c6383985
100 _a20030307d1989 |||y0rusy50 ca
101 0 _arus
102 _aRU
105 _ay |||||||||
200 1 _aПредложения по улучшению трудообеспеченности в отрасли овцеводства Дергачевского района Саратовской области
_fВсерос. отд-ние ВАСХИЛ, Всерос. НИИ экономики, труда и упр. в сел. хоз-ве
210 _aМ.
_cБ. и.
_d1989
215 _a23 с.
_d20
300 _aАвт. указаны на обороте тит. л.
333 _aДСП. Экз. № 00006
700 1 _aМищенко
_bН.П.
701 1 _aЖарылгасова
_bБ.Т.
801 0 _aRU
_bNLR
_gpsbo
801 1 _aRU
_bELAR
_2rusmarc
852 _aNLR
_j90-50К/1928
942 _cBOOK
980 _aNB